=LDR 00000nam 2200000 4500 =001 INLIS000000000027652 =005 20130612130017 =008 ***********************************ind** =035 ##$$0010-061300000027652 =041 ##$$a ind =082 ##$$a 620.002 12 =090 ##$$a 620.002 12, GIE k =100 ##$$a Gieck, K =245 ##$$a Kumpulan rumus tehnik, K. Gieck; penerjemah, R. Slamet Brotodirejo, Heryanto Slamet =260 ##$$a 2005 $b Jakarta =300 ##$$a xiv, 349 hlm., ilus., 18 cm =650 ##$$a Tehnik =650 ##$$a Rumus =700 ##$$a Brotodirejo, R. Slamet =850 ##$$a NBPNMAT